[Event "GER-chT U20 Girls "]
[Site "Chemnitz"]
[Date "2009.12.29"]
[Round "5.1"]
[White "Wilke, Tabea"]
[Black "Rogasch, Miriam"]
[Result "0-1"]
[WhiteElo "911"]
[BlackElo "1911"]
[PlyCount "118"]
[EventDate "2009.12.27"]
[EventType "team-swiss"]
[EventRounds "7"]
[EventCountry "GER"]
[SourceTitle "EXT 2022"]
[Source "ChessBase"]
[SourceDate "2021.10.06"]
[SourceVersion "1"]
[SourceVersionDate "2021.10.06"]
[SourceQuality "1"]
[WhiteTeam "Hattersheim U20 Girls"]
[BlackTeam "Gryps SV U20 Girls"]
[WhiteTeamCountry "GER"]
[BlackTeamCountry "GER"]

1. e4 e5 2. Nf3 Nc6 3. Bb5 a6 4. Ba4 Nf6 5. d3 b5 6. Bb3 Bc5 7. 0-0 0-0 8. c3 d6 9. d4 Ba7 10. Re1 Bg4 11. Nbd2 exd4 12. Nf1 dxc3 13. bxc3 Ne5 14. Be3 c5 15. Bc2 Nfd7 16. Ng3 Qf6 17. Nf5 Nxf3+ 18. gxf3 Bxf5 19. exf5 Ne5 20. Kh1 Nc4 21. Bc1 Rae8 22. Rg1 Kh8 23. Bg5 Qxc3 24. f6 gxf6 25. Bh6 Rg8 26. Rxg8+ Rxg8 27. Rc1 Nb2 28. Qe2 Qe5 29. Qf1 c4 30. Re1 Qc3 31. Qe2 Nd3 32. Bxd3 Qxd3 33. Qxd3 cxd3 34. Re7 Bxf2 35. h4 Bxh4 36. Be3 Bg5 37. f4 Bh4 38. Bd2 d5 39. Rd7 Re8 40. Rxd5 Be1 41. Rxd3 Bxd2 42. Rxd2 Kg7 43. Rg2+ Kf8 44. Rd2 a5 45. Rd5 Rb8 46. a4 b4 47. Rxa5 b3 48. Rb5 Rxb5 49. axb5 b2 50. Kg2 b1Q 51. b6 Qxb6 52. f5 Qe3 53. Kf1 Qd2 54. Kg1 Kg7 55. Kf1 Kh6 56. Kg1 Kg5 57. Kh1 Kg4 58. Kg1 Kg3 59. Kf1 Qf2# 0-1

[Event "Mecklenburg VP LL2 Ost 0910"]
[Site "Mecklenburg VP"]
[Date "2009.12.13"]
[Round "4.8"]
[White "Rogasch, Miriam"]
[Black "Mayerhoff, Lothar"]
[Result "1-0"]
[WhiteElo "1570"]
[BlackElo "1636"]
[PlyCount "67"]
[EventDate "2009.10.18"]
[EventType "team-tourn"]
[EventRounds "9"]
[EventCountry "GER"]
[SourceTitle "EXT 2016"]
[Source "ChessBase"]
[SourceDate "2015.10.08"]
[SourceVersion "1"]
[SourceVersionDate "2015.10.08"]
[SourceQuality "1"]
[WhiteTeam "Gryps SV"]
[BlackTeam "Waren"]
[WhiteTeamCountry "GER"]
[BlackTeamCountry "GER"]

1. e4 c5 2. Nf3 d6 3. d4 cxd4 4. Nxd4 e5 5. Nb5 a6 6. N5a3 Be6 7. Nc3 Nf6 8. Bg5 Nbd7 9. Nc4 Qc7 10. Ne3 h6 11. Bh4 g5 12. Bg3 Nb6 13. h4 g4 14. f4 exf4 15. Bxf4 0-0-0 16. Be2 h5 17. 0-0 Bh6 18. Qd4 Bg7 19. e5 Nfd7 20. exd6 Bxd4 21. dxc7 Bxe3+ 22. Bxe3 Kxc7 23. Bf4+ Kc8 24. Ne4 Nf8 25. Nd6+ Rxd6 26. Bxd6 Ng6 27. g3 Rd8 28. Rad1 Nd5 29. Bc5 Re8 30. Bc4 Nc7 31. Bxe6+ Nxe6 32. Bd6 Nd8 33. Rf5 Re6 34. Rxh5 1-0

[Event "GER-chT DLM U20"]
[Site "Wismar"]
[Date "2009.10.01"]
[Round "4"]
[White "Garny, Annica"]
[Black "Rogasch, Miriam"]
[Result "0-1"]
[WhiteElo "1787"]
[BlackElo "1578"]
[PlyCount "64"]
[EventDate "2009.09.30"]
[EventType "team-swiss"]
[EventRounds "7"]
[EventCountry "GER"]
[SourceTitle "CBM 132 Extra"]
[Source "ChessBase"]
[SourceDate "2009.11.03"]
[SourceVersion "1"]
[SourceVersionDate "2009.11.03"]
[SourceQuality "1"]
[WhiteTeam "Hamburg U20"]
[BlackTeam "Mecklenburg-Vorpommern U20"]
[WhiteTeamCountry "GER"]
[BlackTeamCountry "GER"]

1. e4 e5 2. Nf3 Nc6 3. Bc4 Nf6 4. d3 Be7 5. Nc3 d6 6. 0-0 Bg4 7. Be3 Na5 8. Bb3 c6 9. Re1 Qc7 10. d4 0-0 11. d5 Nxb3 12. axb3 a6 13. h3 Bh5 14. g4 Nxg4 15. hxg4 Bxg4 16. Kg2 f5 17. Qd2 f4 18. Bd4 Bxf3+ 19. Kxf3 exd4 20. Qxd4 Bf6 21. Qc4 Qf7 22. Ke2 Rfe8 23. f3 Bxc3 24. Qxc3 Qxd5 25. Rg1 Qe5 26. Qd3 d5 27. Ra4 Rad8 28. Rd1 Qg5 29. Rd4 h5 30. c4 dxe4 31. fxe4 Qg2+ 32. Ke1 Rxd4 0-1

[Event "GER-chT DLM U20"]
[Site "Wismar"]
[Date "2009.09.30"]
[Round "1"]
[White "Rogasch, Miriam"]
[Black "Tran, My Linh"]
[Result "1-0"]
[WhiteElo "1578"]
[BlackElo "1807"]
[PlyCount "87"]
[EventDate "2009.09.30"]
[EventType "team-swiss"]
[EventRounds "7"]
[EventCountry "GER"]
[SourceTitle "CBM 132 Extra"]
[Source "ChessBase"]
[SourceDate "2009.11.03"]
[SourceVersion "1"]
[SourceVersionDate "2009.11.03"]
[SourceQuality "1"]
[WhiteTeam "Mecklenburg-Vorpommern U20"]
[BlackTeam "Hessen U20"]
[WhiteTeamCountry "GER"]
[BlackTeamCountry "GER"]

1. e4 e5 2. Nf3 Nc6 3. Bc4 Bc5 4. b4 Bxb4 5. c3 Be7 6. 0-0 Na5 7. Nxe5 Nxc4 8. Nxc4 d5 9. exd5 Qxd5 10. Qe2 Be6 11. Ne3 Qd7 12. d4 c6 13. Ba3 Rd8 14. Re1 Bxa3 15. Nxa3 Nf6 16. Nac4 0-0 17. Ne5 Qc7 18. Qf3 c5 19. Red1 cxd4 20. cxd4 Nd5 21. Rac1 Qd6 22. Nf5 Bxf5 23. Qxf5 Ne7 24. Qf3 Qd5 25. Rc7 f6 26. Rxe7 fxe5 27. Qxd5+ Rxd5 28. Rxe5 Rfd8 29. Rxd5 Rxd5 30. f4 Kf7 31. Kf2 Ke6 32. Kf3 Ra5 33. Rd2 Kd5 34. f5 b5 35. g4 Ra3+ 36. Kf4 h6 37. g5 hxg5+ 38. Kxg5 Ra6 39. h4 Rf6 40. h5 a5 41. Re2 Kd6 42. Re5 Kc6 43. Re6+ Rxe6 44. fxe6 1-0

[Event "GER-chT DLM U20"]
[Site "Wismar"]
[Date "2009.09.30"]
[Round "2"]
[White "Senf, Paul"]
[Black "Rogasch, Miriam"]
[Result "0-1"]
[WhiteElo "1494"]
[BlackElo "1578"]
[PlyCount "78"]
[EventDate "2009.09.30"]
[EventType "team-swiss"]
[EventRounds "7"]
[EventCountry "GER"]
[SourceTitle "CBM 132 Extra"]
[Source "ChessBase"]
[SourceDate "2009.11.03"]
[SourceVersion "1"]
[SourceVersionDate "2009.11.03"]
[SourceQuality "1"]
[WhiteTeam "Thueringen U20"]
[BlackTeam "Mecklenburg-Vorpommern U20"]
[WhiteTeamCountry "GER"]
[BlackTeamCountry "GER"]

1. e4 e5 2. Nf3 Nc6 3. d4 exd4 4. Nxd4 Bc5 5. Be3 Bb6 6. Nc3 Nf6 7. Be2 d5 8. Nxc6 bxc6 9. Bxb6 axb6 10. exd5 cxd5 11. Bf3 Be6 12. 0-0 0-0 13. Qd2 c6 14. Rad1 Qd6 15. a3 Bg4 16. Bxg4 Nxg4 17. g3 f5 18. Ne2 Rae8 19. Nf4 Qh6 20. h4 g5 21. Nh3 gxh4 22. Qxh6 Nxh6 23. gxh4 Re4 24. f4 Rfe8 25. Rd2 Ng4 26. Kh1 h6 27. c3 Re2 28. Rfd1 R8e4 29. Kg1 R4e3 30. Rd3 Rxd3 31. Rxd3 Rxb2 32. Rg3 Ra2 33. Kh1 Kf7 34. Rg2 Rxa3 35. Rc2 d4 36. Ng1 Rxc3 37. Rd2 d3 38. Nf3 Rc1+ 39. Kg2 Rc2 0-1

[Event "Mecklenburg VP-ch U16"]
[Site "Malchow"]
[Date "2009.02.10"]
[Round "6.7"]
[White "Schmidt, Paul1111"]
[Black "Rogasch, Miriam"]
[Result "0-1"]
[WhiteElo "1278"]
[BlackElo "1561"]
[PlyCount "84"]
[EventDate "2009.02.07"]
[EventType "swiss"]
[EventRounds "7"]
[EventCountry "GER"]
[SourceTitle "EXT 2022"]
[Source "ChessBase"]
[SourceDate "2021.10.06"]
[SourceVersion "1"]
[SourceVersionDate "2021.10.06"]
[SourceQuality "1"]

1. e4 e5 2. Nf3 Nc6 3. Bb5 a6 4. Ba4 Nf6 5. 0-0 Be7 6. Re1 b5 7. Bb3 0-0 8. a4 Bb7 9. d3 d6 10. Nbd2 Nd7 11. Nf1 Nc5 12. g4 Qd7 13. h3 Nxb3 14. cxb3 d5 15. Ng3 g6 16. Qd2 Bb4 17. Qe3 Bxe1 18. Qxe1 Rfe8 19. Qc3 d4 20. Qe1 Qe6 21. Qd1 Nb4 22. Ng5 Qf6 23. Qd2 c5 24. Kg2 Nc6 25. Nf3 Nd8 26. Qh6 Ne6 27. Ng5 Nxg5 28. Bxg5 Qg7 29. Qh4 Re6 30. Bh6 Qf6 31. Bg5 Qh8 32. axb5 axb5 33. Rxa8+ Bxa8 34. Bh6 f6 35. g5 f5 36. f3 f4 37. Qg4 Kf7 38. Ne2 Qd8 39. Qh4 Qa5 40. Qf2 Qd2 41. Qf1 Bb7 42. Kf2 Qxd3 0-1